00917 2200289 4500001002100000005001500021035002500036008004100061020002200102082001500124245014300139250001000282260003100292300003100323500010000354500002800454650001800482850001200500985000600512007000300518040001700521084001600538100002600554090001700580043001200597990001800609YOGYA-0209000007188020200417093545 a0010-020900000071880090227s1996 yoi g ind  a978-979-8541-40-704221a333.91 aProyek sarana air bersih dan pemanfaatannya oleh masyarakat desa candirejo,kecamatan Semanu,Kabupaten Gunung Kidul /cTriana Dewi Susiyami aCet.1 aYogyakarta :b[s.n],c1996 axviii,88[20]lembar ;c29cm askripsi fakultas Pendidikan ilmu pengetahuan sosial Institut Keguruan dan Pendidikan Yogyakarta aBibiografi:lembar 87-88 aAir, Konsumsi aYOPDYOG a3ta aYOPDYOGbind a631.4 SOE m1 aSusiyami, Triana Dewi a333.91 SUS p aYOPDDIY a35694-PD/A.08